[Event "Paris-ch"]
[Site "Paris"]
[Date "2006.07.12"]
[Round "3"]
[White "Cochard, Sebastien"]
[Black "Poelstra, Bernard"]
[Result "1/2-1/2"]
[WhiteElo "2165"]
[BlackElo "2083"]
[PlyCount "30"]
[EventDate "2006.07.08"]
[EventType "swiss"]
[EventRounds "9"]
[EventCountry "FRA"]
[SourceTitle "EXT 2007"]
[Source "ChessBase"]
[SourceDate "2006.11.23"]
[SourceVersion "1"]
[SourceVersionDate "2006.11.23"]
[SourceQuality "1"]

1. e4 e5 2. Nf3 Nf6 3. Nxe5 d6 4. Nf3 Nxe4 5. d4 d5 6. Bd3 Bg4 7. 0-0 Nc6 8. Re1 Be7 9. c3 f5 10. Nbd2 Nxd2 11. Bxd2 0-0 12. Qc1 Bxf3 13. gxf3 Bd6 14. Bf4 Qf6 15. Kh1 Rae8 1/2-1/2

[Event "Paris-ch op-B"]
[Site "Paris"]
[Date "2005.07.14"]
[Round "6"]
[White "Cochard, Sebastien"]
[Black "Toulzac, Pierre Yves"]
[Result "1/2-1/2"]
[WhiteElo "2137"]
[BlackElo "2274"]
[PlyCount "88"]
[EventDate "2005.07.09"]
[EventType "swiss"]
[EventRounds "9"]
[EventCountry "FRA"]
[SourceTitle "EXT 2006"]
[Source "ChessBase"]
[SourceDate "2005.11.24"]
[SourceVersion "1"]
[SourceVersionDate "2005.11.24"]
[SourceQuality "1"]

1. e4 c5 2. d4 cxd4 3. c3 d3 4. Bxd3 d6 5. c4 Nf6 6. Nc3 e6 7. Nf3 Nbd7 8. 0-0 Be7 9. Bf4 a6 10. Qe2 0-0 11. Rfd1 Nh5 12. Be3 g6 13. e5 Qc7 14. exd6 Bxd6 15. Ng5 Bxh2+ 16. Kh1 Bf4 17. Nxh7 Kxh7 18. Qxh5+ Kg7 19. Bxf4 Qxf4 20. Qf3 Rh8+ 21. Kg1 Qh2+ 22. Kf1 Ne5 23. Qe3 Ng4 24. Qg3 Qxg3 25. fxg3 Ne3+ 26. Kf2 Nxd1+ 27. Rxd1 Rd8 28. Ke3 Bd7 29. Be4 Bc6 30. Bxc6 bxc6 31. Rxd8 Rxd8 32. Ne4 Rd1 33. Nc5 Rg1 34. b4 Rxg2 35. Nxa6 Rxa2 36. Nb8 Ra3+ 37. Kd4 Rxg3 38. Nxc6 Kf8 39. b5 Rb3 40. Kc5 g5 41. b6 Kg7 42. Nb4 Rh3 43. b7 Rh8 44. Na6 g4 1/2-1/2